[Event "Torneo Aficionados Sub-2000 Utiel"]
[Site "Utiel, Spain"]
[Date "2018.08.26"]
[Round "5.3"]
[White "Galindo Montoya, Diego"]
[Black "Perez Garcia, Juan Angel"]
[Result "1-0"]
[WhiteElo "1912"]
[BlackElo "1954"]
[PlyCount "75"]
[EventDate "2018.??.??"]

1. c4 {[%clk 00:07:04]  [%emt 00:00:06]} 1... e5 {[%clk 00:07:05]} 2. Nc3 {
[%clk 00:07:05]  [%emt 00:00:05]} 2... Nc6 {[%clk 00:07:06]} 3. g3 {
[%clk 00:07:04]  [%emt 00:00:05]} 3... Bc5 {[%clk 00:07:07]} 4. Bg2 {
[%clk 00:07:04]  [%emt 00:00:04]} 4... a6 {[%clk 00:07:09]} 5. e3 {
[%clk 00:07:02]  [%emt 00:00:06]} 5... d6 {[%clk 00:07:04]  [%emt 00:00:05]} 6.
Nge2 {[%clk 00:06:58]  [%emt 00:00:06]} 6... Ba7 {
[%clk 00:07:04]  [%emt 00:00:05]} 7. d4 {[%clk 00:06:57]  [%emt 00:00:05]} 7...
Nge7 {[%clk 00:06:53]  [%emt 00:00:12]} 8. a3 {[%clk 00:06:05]  [%emt 00:00:56]
} 8... O-O {[%clk 00:06:50]  [%emt 00:00:06]} 9. O-O {
[%clk 00:06:05]  [%emt 00:00:05]} 9... Bg4 {[%clk 00:06:32]  [%emt 00:00:18]}
10. h3 {[%clk 00:05:58]  [%emt 00:00:10]} 10... Bh5 {
[%clk 00:06:32]  [%emt 00:00:06]} 11. g4 {[%clk 00:05:56]  [%emt 00:00:05]}
11... Bg6 {[%clk 00:06:33]  [%emt 00:00:04]} 12. dxe5 {
[%clk 00:05:24]  [%emt 00:00:31]} 12... Nxe5 {[%clk 00:06:00]  [%emt 00:00:35]}
13. b3 {[%clk 00:04:50]  [%emt 00:00:37]} 13... Rb8 {
[%clk 00:05:45]  [%emt 00:00:18]} 14. f4 {[%clk 00:04:45]  [%emt 00:00:07]}
14... f5 {[%clk 00:04:27]  [%emt 00:01:22]} 15. fxe5 {
[%clk 00:04:39]  [%emt 00:00:14]} 15... fxg4 {[%clk 00:04:23]  [%emt 00:00:05]}
16. Rxf8+ {[%clk 00:04:22]  [%emt 00:00:17]} 16... Qxf8 {
[%clk 00:04:02]  [%emt 00:00:24]} 17. exd6 {[%clk 00:03:46]  [%emt 00:00:40]}
17... cxd6 {[%clk 00:03:39]  [%emt 00:00:24]} 18. hxg4 {
[%clk 00:03:20]  [%emt 00:00:30]} 18... Qf6 {[%clk 00:03:40]} 19. Qf1 {
[%clk 00:02:38]  [%emt 00:00:46]} 19... Qh4 {[%clk 00:03:18]  [%emt 00:00:26]}
20. Qf2 {[%clk 00:02:28]  [%emt 00:00:12]} 20... Qxg4 {
[%clk 00:03:14]  [%emt 00:00:08]} 21. Qf3 {[%clk 00:02:30]} 21... Qe6 {
[%clk 00:03:03]  [%emt 00:00:15]} 22. Nf4 {[%clk 00:02:28]  [%emt 00:00:10]}
22... Qe5 {[%clk 00:02:59]  [%emt 00:00:04]} 23. Bd2 {
[%clk 00:02:13]  [%emt 00:00:16]} 23... Bf5 {[%clk 00:02:42]  [%emt 00:00:20]}
24. Re1 {[%clk 00:01:49]  [%emt 00:00:27]} 24... Rf8 {
[%clk 00:01:56]  [%emt 00:00:49]} 25. Qxb7 {[%clk 00:01:39]  [%emt 00:00:14]}
25... Bb8 {[%clk 00:01:24]  [%emt 00:00:35]} 26. Ncd5 {
[%clk 00:01:12]  [%emt 00:00:29]} 26... Ng6 27. Nxg6 {[%clk 00:01:05]} 27...
Bxg6 {[%clk 00:00:53]  [%emt 00:00:24]} 28. Nf4 {
[%clk 00:01:04]  [%emt 00:00:05]} 28... Bf7 {[%clk 00:00:40]  [%emt 00:00:14]}
29. Qe4 {[%clk 00:00:59]  [%emt 00:00:07]} 29... Qg5 {
[%clk 00:00:37]  [%emt 00:00:08]} 30. Nh3 {[%clk 00:00:53]  [%emt 00:00:08]}
30... Qg3 {[%clk 00:00:18]  [%emt 00:00:22]} 31. Qf3 {
[%clk 00:00:52]  [%emt 00:00:06]} 31... Qe5 {[%clk 00:00:14]  [%emt 00:00:06]}
32. Qe4 {[%clk 00:00:47]  [%emt 00:00:07]} 32... Qb2 {
[%clk 00:00:15]  [%emt 00:00:06]} 33. Qd3 {[%clk 00:00:38]  [%emt 00:00:09]}
33... d5 {[%clk 00:00:15]  [%emt 00:00:06]} 34. Ng5 {
[%clk 00:00:36]  [%emt 00:00:04]} 34... Bg6 {[%clk 00:00:13]  [%emt 00:00:05]}
35. Qxd5+ {[%clk 00:00:35]  [%emt 00:00:05]} 35... Kh8 {[%clk 00:00:16]} 36.
Rf1 {[%clk 00:00:32]  [%emt 00:00:06]} 36... Rxf1+ {
[%clk 00:00:10]  [%emt 00:00:06]} 37. Bxf1 {[%clk 00:00:32]  [%emt 00:00:05]}
37... Bc7 {[%clk 00:00:09]  [%emt 00:00:04]} 38. Qd3 {[%emt 00:00:09]} 1-0

[Event "Torneo Aficionados Sub-2000 Utiel"]
[Site "Utiel, Spain"]
[Date "2018.08.26"]
[Round "5.4"]
[White "Perez Perez, Eugenio"]
[Black "Capella Gimenez, Jose M"]
[Result "1-0"]
[WhiteElo "1844"]
[BlackElo "1997"]
[PlyCount "91"]
[EventDate "2018.??.??"]

1. b3 {[%clk 00:07:04]  [%emt 00:00:10]} 1... e5 {
[%clk 00:07:01]  [%emt 00:00:04]} 2. Bb2 {[%clk 00:07:04]} 2... d6 {
[%clk 00:07:03]} 3. e3 {[%clk 00:07:05]  [%emt 00:00:03]} 3... f5 {
[%clk 00:06:49]  [%emt 00:00:17]} 4. c4 {[%clk 00:06:59]  [%emt 00:00:09]} 4...
Nf6 {[%clk 00:06:46]  [%emt 00:00:07]} 5. Be2 {[%clk 00:06:50]  [%emt 00:00:11]
} 5... Be7 {[%clk 00:06:41]  [%emt 00:00:13]} 6. Nf3 {
[%clk 00:06:47]  [%emt 00:00:03]} 6... O-O {[%clk 00:06:41]} 7. O-O {
[%clk 00:06:47]  [%emt 00:00:06]} 7... b6 {[%clk 00:06:37]  [%emt 00:00:07]} 8.
Nc3 {[%clk 00:06:49]  [%emt 00:00:04]} 8... Bb7 {[%clk 00:06:38]} 9. d4 {
[%clk 00:06:39]  [%emt 00:00:07]} 9... e4 {[%clk 00:06:19]  [%emt 00:00:23]}
10. Ng5 {[%clk 00:06:40]  [%emt 00:00:20]} 10... Bc8 {
[%clk 00:05:48]  [%emt 00:00:16]} 11. f3 {[%clk 00:06:30]  [%emt 00:00:13]}
11... h6 {[%clk 00:05:47]  [%emt 00:00:22]} 12. Nh3 {
[%clk 00:06:28]  [%emt 00:00:07]} 12... Nc6 {[%clk 00:05:30]  [%emt 00:00:06]}
13. Qc2 {[%clk 00:06:06]  [%emt 00:00:25]} 13... Qe8 {
[%clk 00:04:42]  [%emt 00:00:45]} 14. Nf2 {[%clk 00:05:46]  [%emt 00:00:24]}
14... exf3 {[%clk 00:04:19]  [%emt 00:00:43]} 15. Bxf3 {[%clk 00:05:46]} 15...
Bb7 {[%clk 00:03:57]  [%emt 00:00:22]} 16. Rae1 {[%clk 00:05:45]} 16... Nb4 {
[%clk 00:03:51]  [%emt 00:00:03]} 17. Qb1 {[%clk 00:05:47]} 17... Bxf3 {
[%clk 00:03:52]  [%emt 00:00:21]} 18. gxf3 {[%clk 00:05:48]} 18... Qg6+ {
[%clk 00:03:38]  [%emt 00:00:03]} 19. Kh1 {[%clk 00:05:50]} 19... Qh5 {
[%clk 00:03:39]  [%emt 00:00:04]} 20. Qd1 {[%clk 00:05:23]  [%emt 00:00:24]}
20... Nd7 {[%clk 00:03:30]  [%emt 00:00:30]} 21. a3 {[%clk 00:05:25]} 21... Nc6
{[%clk 00:03:32]} 22. Nd3 {[%clk 00:05:26]} 22... Bh4 {
[%clk 00:03:13]  [%emt 00:00:09]} 23. Nf4 {[%clk 00:05:20]  [%emt 00:00:12]}
23... Qf7 {[%clk 00:02:55]  [%emt 00:00:18]} 24. Re2 {
[%clk 00:05:21]  [%emt 00:00:21]} 24... Rae8 {[%clk 00:02:28]  [%emt 00:00:11]}
25. Rg1 {[%clk 00:05:21]  [%emt 00:00:14]} 25... Bg5 {[%clk 00:02:22]} 26. Ncd5
{[%clk 00:05:13]  [%emt 00:00:17]} 26... Nf6 {[%clk 00:02:19]} 27. Reg2 {
[%clk 00:04:40]  [%emt 00:00:36]} 27... Nd8 {[%clk 00:01:33]  [%emt 00:00:47]}
28. Bc1 {[%clk 00:04:04]  [%emt 00:00:39]} 28... c6 {
[%clk 00:01:32]  [%emt 00:00:08]} 29. Nxf6+ {[%clk 00:04:03]} 29... Qxf6 {
[%clk 00:01:34]  [%emt 00:00:11]} 30. Nh5 {[%clk 00:04:00]  [%emt 00:00:09]}
30... Qf7 {[%clk 00:01:35]} 31. f4 {[%clk 00:04:01]} 31... Ne6 {
[%clk 00:01:01]  [%emt 00:00:28]} 32. fxg5 {[%clk 00:03:59]  [%emt 00:00:08]}
32... hxg5 {[%clk 00:00:59]  [%emt 00:00:06]} 33. Bb2 {
[%clk 00:02:57]  [%emt 00:01:03]} 33... g6 {[%clk 00:00:53]  [%emt 00:00:07]}
34. Ng3 {[%clk 00:02:54]  [%emt 00:00:07]} 34... d5 {
[%clk 00:00:50]  [%emt 00:00:15]} 35. cxd5 {[%clk 00:02:44]  [%emt 00:00:04]}
35... cxd5 {[%clk 00:00:52]} 36. Bc3 {[%clk 00:02:45]  [%emt 00:00:22]} 36...
Kg7 {[%clk 00:00:45]} 37. Bb4 {[%clk 00:02:34]  [%emt 00:00:21]} 37... Rh8 {
[%clk 00:00:47]} 38. Bd6 {[%clk 00:02:35]} 38... Kg8 {
[%clk 00:00:38]  [%emt 00:00:11]} 39. Be5 {[%clk 00:02:29]} 39... Rh4 {
[%clk 00:00:39]  [%emt 00:00:04]} 40. Qf3 {[%clk 00:02:16]  [%emt 00:00:12]}
40... g4 {[%clk 00:00:40]  [%emt 00:00:04]} 41. Qf2 {
[%clk 00:02:13]  [%emt 00:00:10]} 41... Ng5 {[%clk 00:00:41]} 42. Nxf5 {
[%clk 00:02:13]} 42... Nf3 {[%clk 00:00:33]  [%emt 00:00:13]} 43. Qxh4 {
[%clk 00:02:10]  [%emt 00:00:08]} 43... Nxh4 {[%clk 00:00:34]} 44. Nh6+ {
[%clk 00:02:12]} 44... Kf8 {[%clk 00:00:30]  [%emt 00:00:07]} 45. Nxf7 {
[%clk 00:02:13]  [%emt 00:00:19]} 45... Kxf7 {[%clk 00:00:32]} 46. Rxg4 {
[%clk 00:02:14]} 1-0

[Event "Torneo Aficionados Sub-2000 Utiel"]
[Site "Utiel, Spain"]
[Date "2018.08.26"]
[Round "5.5"]
[White "Selva Salvador, Antonio"]
[Black "Fernandez Garcia, Olmo"]
[Result "0-1"]
[WhiteElo "1901"]
[BlackElo "1834"]
[PlyCount "84"]
[EventDate "2018.??.??"]

1. d4 {[%clk 00:07:04]  [%emt 00:00:36]} 1... Nf6 {[%clk 00:07:04]} 2. Nf3 {
[%clk 00:07:06]} 2... g6 {[%clk 00:07:04]} 3. g3 {[%clk 00:07:08]} 3... Bg7 {
[%clk 00:07:04]  [%emt 00:00:03]} 4. Bg2 {[%clk 00:07:10]} 4... O-O {
[%clk 00:07:04]} 5. O-O {[%clk 00:07:11]} 5... d6 {[%clk 00:07:02]} 6. b3 {
[%clk 00:07:12]} 6... Re8 {[%clk 00:07:02]} 7. Bb2 {
[%clk 00:07:14]  [%emt 00:00:04]} 7... c6 {[%clk 00:06:16]  [%emt 00:00:38]} 8.
Nbd2 {[%clk 00:07:13]  [%emt 00:00:04]} 8... e5 {
[%clk 00:06:02]  [%emt 00:00:15]} 9. dxe5 {[%clk 00:07:08]  [%emt 00:00:08]}
9... dxe5 {[%clk 00:06:02]  [%emt 00:00:09]} 10. Bxe5 {
[%clk 00:06:56]  [%emt 00:00:12]} 10... Nbd7 {[%clk 00:06:02]  [%emt 00:00:03]}
11. Bxf6 {[%clk 00:06:30]  [%emt 00:00:26]} 11... Bxf6 {
[%clk 00:06:00]  [%emt 00:00:18]} 12. Rb1 {[%clk 00:06:30]} 12... Qe7 {
[%clk 00:05:29]  [%emt 00:00:23]} 13. Nc4 {[%clk 00:06:12]  [%emt 00:00:36]}
13... Nb6 {[%clk 00:05:00]  [%emt 00:00:18]} 14. Nd6 {
[%clk 00:06:01]  [%emt 00:00:43]} 14... Rd8 {[%clk 00:04:58]} 15. Nxc8 {
[%clk 00:05:48]  [%emt 00:00:06]} 15... Raxc8 {[%clk 00:04:56]} 16. Qe1 {
[%clk 00:05:44]} 16... Nd5 {[%clk 00:04:53]  [%emt 00:00:09]} 17. e4 {
[%clk 00:05:27]  [%emt 00:00:15]} 17... Nc3 {[%clk 00:04:51]  [%emt 00:00:09]}
18. e5 {[%clk 00:05:28]} 18... Nxb1 {[%clk 00:04:44]  [%emt 00:00:08]} 19. exf6
{[%clk 00:05:29]  [%emt 00:00:13]} 19... Qxe1 {[%clk 00:04:37]  [%emt 00:00:14]
} 20. Rxe1 {[%clk 00:05:18]} 20... Nc3 {[%clk 00:04:38]} 21. Bh3 {
[%clk 00:04:59]  [%emt 00:00:23]} 21... Rc7 {[%clk 00:04:26]  [%emt 00:00:29]}
22. Ne5 {[%clk 00:04:22]  [%emt 00:00:26]} 22... Nd5 {
[%clk 00:03:53]  [%emt 00:00:45]} 23. Rd1 {[%clk 00:04:04]  [%emt 00:00:12]}
23... Re8 {[%clk 00:02:58]  [%emt 00:00:58]} 24. Ng4 {
[%clk 00:03:19]  [%emt 00:00:47]} 24... h5 {[%clk 00:02:48]  [%emt 00:00:43]}
25. Ne3 {[%clk 00:02:50]  [%emt 00:00:07]} 25... Nxf6 {
[%clk 00:02:48]  [%emt 00:00:04]} 26. c4 {[%clk 00:02:49]  [%emt 00:00:09]}
26... Ne4 {[%clk 00:02:41]  [%emt 00:00:03]} 27. g4 {
[%clk 00:02:31]  [%emt 00:00:20]} 27... Nc3 {[%clk 00:02:31]  [%emt 00:00:09]}
28. Rd2 {[%clk 00:02:25]  [%emt 00:00:13]} 28... hxg4 {
[%clk 00:02:21]  [%emt 00:00:12]} 29. Bxg4 {[%clk 00:02:18]  [%emt 00:00:17]}
29... Re5 {[%clk 00:02:17]} 30. h4 {[%clk 00:01:43]  [%emt 00:00:37]} 30... Ra5
{[%clk 00:02:17]  [%emt 00:00:35]} 31. a4 {[%clk 00:01:40]} 31... Re5 {
[%clk 00:02:12]  [%emt 00:00:12]} 32. Bf3 {[%clk 00:01:31]} 32... Ne4 {
[%clk 00:02:10]} 33. Rd4 {[%clk 00:01:31]} 33... Nc5 {[%clk 00:02:08]} 34. Bd1
{[%clk 00:01:22]  [%emt 00:00:12]} 34... Rd7 {[%clk 00:02:03]  [%emt 00:00:07]}
35. Rxd7 {[%clk 00:01:11]  [%emt 00:00:10]} 35... Nxd7 {
[%clk 00:02:04]  [%emt 00:00:28]} 36. Kg2 {[%clk 00:01:12]} 36... Kg7 {
[%clk 00:01:58]  [%emt 00:00:04]} 37. b4 {[%clk 00:01:00]  [%emt 00:00:04]}
37... Re4 {[%clk 00:01:53]  [%emt 00:00:07]} 38. h5 {
[%clk 00:00:54]  [%emt 00:00:05]} 38... Ne5 {[%clk 00:01:53]  [%emt 00:00:03]}
39. hxg6 {[%clk 00:00:54]  [%emt 00:00:07]} 39... fxg6 {
[%clk 00:01:54]  [%emt 00:00:03]} 40. Bc2 {[%clk 00:00:40]  [%emt 00:00:20]}
40... Rd4 {[%clk 00:01:45]  [%emt 00:00:04]} 41. Kg3 {
[%clk 00:00:35]  [%emt 00:00:06]} 41... Nxc4 {[%clk 00:01:45]  [%emt 00:00:14]}
42. Ng4 {[%clk 00:00:32]  [%emt 00:00:04]} 42... Na3 {[%emt 00:00:48]} 0-1

[Event "Torneo Aficionados Sub-2000 Utiel"]
[Site "Utiel, Spain"]
[Date "2018.08.26"]
[Round "5.6"]
[White "Martinez Escandell, Alfonso"]
[Black "Gadea Iafigliola, Gabriel Fernan"]
[Result "1-0"]
[WhiteElo "1895"]
[BlackElo "1760"]
[PlyCount "91"]
[EventDate "2018.??.??"]

1. e4 {[%clk 00:07:04]} 1... e5 {[%clk 00:07:05]} 2. Nf3 {[%clk 00:07:05]} 2...
d6 {[%clk 00:07:07]  [%emt 00:00:08]} 3. c3 {[%clk 00:07:03]} 3... Be7 {
[%clk 00:07:03]} 4. d4 {[%clk 00:07:02]} 4... Nd7 {[%clk 00:07:04]} 5. Bc4 {
[%clk 00:06:54]} 5... Ngf6 {[%clk 00:07:03]  [%emt 00:00:07]} 6. Bd3 {
[%clk 00:06:11]  [%emt 00:00:41]} 6... O-O {[%clk 00:07:00]  [%emt 00:00:31]}
7. O-O {[%clk 00:06:12]} 7... c6 {[%clk 00:06:59]} 8. Be3 {[%clk 00:06:03]}
8... Ng4 {[%clk 00:07:00]} 9. Bd2 {[%clk 00:05:54]  [%emt 00:00:10]} 9... Ngf6
{[%clk 00:07:02]  [%emt 00:00:04]} 10. Bc2 {[%clk 00:05:48]  [%emt 00:00:06]}
10... b5 {[%clk 00:06:53]  [%emt 00:00:10]} 11. a4 {
[%clk 00:05:46]  [%emt 00:00:24]} 11... a6 {[%clk 00:06:54]} 12. axb5 {
[%clk 00:05:47]} 12... cxb5 {[%clk 00:06:56]} 13. Na3 {
[%clk 00:05:28]  [%emt 00:00:13]} 13... Bb7 {[%clk 00:06:56]} 14. Re1 {
[%clk 00:05:23]  [%emt 00:00:14]} 14... Qc7 {[%clk 00:06:54]  [%emt 00:00:15]}
15. Bg5 {[%clk 00:04:57]  [%emt 00:00:10]} 15... Rfe8 {
[%clk 00:06:45]  [%emt 00:00:15]} 16. h3 {[%clk 00:04:41]  [%emt 00:00:17]}
16... Rac8 {[%clk 00:06:47]  [%emt 00:00:09]} 17. Bd3 {
[%clk 00:04:24]  [%emt 00:00:12]} 17... Bf8 {[%clk 00:06:37]  [%emt 00:00:14]}
18. Nc2 {[%clk 00:04:25]  [%emt 00:00:03]} 18... g6 {
[%clk 00:06:15]  [%emt 00:00:22]} 19. Nb4 {[%clk 00:04:26]  [%emt 00:00:35]}
19... a5 {[%clk 00:05:59]  [%emt 00:00:03]} 20. Nd5 {[%clk 00:04:27]} 20...
Nxd5 {[%clk 00:06:00]} 21. exd5 {[%clk 00:04:29]} 21... exd4 {
[%clk 00:05:37]  [%emt 00:00:14]} 22. Nxd4 {[%clk 00:04:22]  [%emt 00:00:14]}
22... Bxd5 {[%clk 00:05:10]  [%emt 00:00:25]} 23. Nxb5 {
[%clk 00:04:08]  [%emt 00:00:28]} 23... Qb7 {[%clk 00:04:47]  [%emt 00:00:14]}
24. f3 {[%clk 00:03:29]  [%emt 00:01:05]} 24... Nc5 {
[%clk 00:04:29]  [%emt 00:00:08]} 25. Bf1 {[%clk 00:03:22]  [%emt 00:00:04]}
25... a4 {[%clk 00:04:05]  [%emt 00:00:28]} 26. Bf4 {
[%clk 00:03:04]  [%emt 00:00:19]} 26... Rxe1 {[%clk 00:03:38]  [%emt 00:00:53]}
27. Qxe1 {[%clk 00:02:59]  [%emt 00:00:04]} 27... Qd7 {
[%clk 00:03:02]  [%emt 00:00:19]} 28. Rd1 {[%clk 00:02:50]  [%emt 00:00:12]}
28... Re8 {[%clk 00:02:45]  [%emt 00:00:35]} 29. Qg3 {
[%clk 00:02:40]  [%emt 00:00:04]} 29... Bc6 {[%clk 00:02:11]  [%emt 00:00:33]}
30. Nxd6 {[%clk 00:02:39]  [%emt 00:00:09]} 30... Bxd6 {
[%clk 00:02:12]  [%emt 00:00:03]} 31. Bxd6 {[%clk 00:02:40]} 31... Qf5 {
[%clk 00:01:56]  [%emt 00:00:17]} 32. Bxc5 {[%clk 00:02:19]  [%emt 00:00:24]}
32... Qxc5+ {[%clk 00:01:56]  [%emt 00:00:21]} 33. Qf2 {
[%clk 00:02:19]  [%emt 00:00:03]} 33... Qe7 {[%clk 00:01:36]  [%emt 00:00:03]}
34. Qd4 {[%clk 00:02:09]  [%emt 00:00:12]} 34... h5 {
[%clk 00:01:32]  [%emt 00:00:14]} 35. Bc4 {[%clk 00:01:55]  [%emt 00:00:10]}
35... a3 {[%clk 00:01:09]  [%emt 00:00:32]} 36. bxa3 {
[%clk 00:01:52]  [%emt 00:00:04]} 36... Qxa3 {[%clk 00:01:10]  [%emt 00:00:03]}
37. Qd3 {[%clk 00:01:52]} 37... Qe7 {[%clk 00:01:06]  [%emt 00:00:06]} 38.
Qxg6+ {[%clk 00:01:53]  [%emt 00:00:04]} 38... Kf8 {
[%clk 00:00:58]  [%emt 00:00:10]} 39. Qh6+ {[%clk 00:01:47]  [%emt 00:00:10]}
39... Kg8 {[%clk 00:00:57]  [%emt 00:00:04]} 40. Qxc6 {
[%clk 00:01:42]  [%emt 00:00:11]} 40... Qe3+ {[%clk 00:00:54]  [%emt 00:00:04]}
41. Kh1 {[%clk 00:01:40]  [%emt 00:00:03]} 41... Rb8 {
[%clk 00:00:29]  [%emt 00:00:25]} 42. Qg6+ {[%clk 00:01:27]  [%emt 00:00:21]}
42... Kh8 {[%clk 00:00:17]  [%emt 00:00:10]} 43. Qxh5+ {
[%clk 00:01:28]  [%emt 00:00:10]} 43... Kg8 {[%clk 00:00:19]} 44. Qxf7+ {
[%clk 00:01:28]} 44... Kh8 {[%clk 00:00:20]} 45. Qf6+ {
[%clk 00:01:28]  [%emt 00:00:03]} 45... Kh7 {[%clk 00:00:20]  [%emt 00:00:03]}
46. Rd7+ {[%clk 00:01:30]  [%emt 00:00:04]} 1-0

[Event "Torneo Aficionados Sub-2000 Utiel"]
[Site "Utiel, Spain"]
[Date "2018.08.26"]
[Round "6.1"]
[White "Carbonell Sancho, Marc"]
[Black "Corrales Ucles, Eduardo"]
[Result "1-0"]
[WhiteElo "1981"]
[BlackElo "1936"]
[PlyCount "93"]
[EventDate "2018.??.??"]

1. e4 {[%clk 00:07:04]  [%emt 00:00:03]} 1... e6 {[%clk 00:07:05]} 2. d4 {
[%clk 00:07:06]  [%emt 00:00:04]} 2... d5 {[%clk 00:07:07]} 3. Nc3 {
[%clk 00:07:08]  [%emt 00:00:03]} 3... Nf6 {[%clk 00:07:07]} 4. e5 {
[%clk 00:07:10]  [%emt 00:00:04]} 4... Nfd7 {[%clk 00:07:09]} 5. f4 {
[%clk 00:07:11]  [%emt 00:00:03]} 5... c5 {[%clk 00:07:10]} 6. Nf3 {
[%clk 00:07:13]} 6... Nc6 {[%clk 00:07:11]  [%emt 00:00:03]} 7. Be3 {
[%clk 00:07:14]  [%emt 00:00:04]} 7... cxd4 {[%clk 00:06:58]  [%emt 00:00:11]}
8. Nxd4 {[%clk 00:07:15]  [%emt 00:00:07]} 8... Nxd4 {
[%clk 00:06:46]  [%emt 00:00:11]} 9. Bxd4 {[%clk 00:07:16]  [%emt 00:00:04]}
9... Bc5 {[%clk 00:06:48]} 10. Nb5 {[%clk 00:05:52]  [%emt 00:01:26]} 10... O-O
{[%clk 00:06:00]  [%emt 00:00:50]} 11. Be2 {[%clk 00:05:44]  [%emt 00:00:34]}
11... a6 {[%clk 00:05:19]  [%emt 00:00:21]} 12. Bxc5 {
[%clk 00:05:39]  [%emt 00:00:34]} 12... Nxc5 {[%clk 00:05:20]} 13. Nd6 {
[%clk 00:05:34]  [%emt 00:00:04]} 13... Bd7 {[%clk 00:04:43]  [%emt 00:00:19]}
14. Qd4 {[%clk 00:05:07]  [%emt 00:00:32]} 14... Ne4 {
[%clk 00:04:17]  [%emt 00:00:28]} 15. Nxe4 {[%clk 00:04:01]  [%emt 00:01:08]}
15... dxe4 {[%clk 00:04:20]  [%emt 00:00:29]} 16. O-O {[%clk 00:04:02]} 16...
Bc6 {[%clk 00:04:20]} 17. Rfd1 {[%clk 00:04:03]} 17... Qc7 {
[%clk 00:03:24]  [%emt 00:00:39]} 18. Qc5 {[%clk 00:03:48]  [%emt 00:00:38]}
18... Rac8 {[%clk 00:02:51]  [%emt 00:00:19]} 19. Rd6 {
[%clk 00:02:41]  [%emt 00:01:27]} 19... Bd5 {[%clk 00:02:45]} 20. Qxc7 {
[%clk 00:02:42]} 20... Rxc7 {[%clk 00:02:47]} 21. Rc1 {[%clk 00:02:40]} 21...
Rfc8 {[%clk 00:02:35]  [%emt 00:00:10]} 22. c4 {
[%clk 00:02:18]  [%emt 00:00:36]} 22... Bxc4 {[%clk 00:02:18]  [%emt 00:00:12]}
23. Rxc4 {[%clk 00:02:15]  [%emt 00:00:05]} 23... Rxc4 {
[%clk 00:02:00]  [%emt 00:00:19]} 24. Bxc4 {[%clk 00:02:16]  [%emt 00:00:30]}
24... g6 {[%clk 00:02:00]} 25. Bb3 {[%clk 00:02:14]  [%emt 00:00:03]} 25... e3
{[%clk 00:01:56]} 26. Kf1 {[%clk 00:02:06]  [%emt 00:00:03]} 26... Rc1+ {
[%clk 00:01:51]  [%emt 00:00:03]} 27. Ke2 {[%clk 00:02:08]  [%emt 00:00:11]}
27... Rg1 {[%clk 00:01:52]} 28. Kxe3 {[%clk 00:01:59]  [%emt 00:00:09]} 28...
Rxg2 {[%clk 00:01:54]} 29. Rd8+ {[%clk 00:02:01]} 29... Kg7 {[%clk 00:01:56]}
30. Rb8 {[%clk 00:02:03]  [%emt 00:00:04]} 30... Rxh2 {
[%clk 00:01:51]  [%emt 00:00:03]} 31. Rxb7 {[%clk 00:02:05]  [%emt 00:00:06]}
31... Rxb2 {[%clk 00:01:51]} 32. Ra7 {[%clk 00:02:05]} 32... h5 {
[%clk 00:01:52]  [%emt 00:00:07]} 33. Bxe6 {[%clk 00:02:01]  [%emt 00:00:06]}
33... h4 {[%clk 00:01:38]  [%emt 00:00:11]} 34. Bxf7 {
[%clk 00:02:01]  [%emt 00:00:27]} 34... Kh6 {[%clk 00:01:17]} 35. Rxa6 {
[%clk 00:01:53]  [%emt 00:00:11]} 35... h3 {[%clk 00:01:14]  [%emt 00:00:20]}
36. Bxg6 {[%clk 00:01:53]} 36... Kg7 {[%clk 00:01:04]  [%emt 00:00:14]} 37. Be4
{[%clk 00:01:50]} 37... h2 {[%clk 00:01:03]} 38. Ra7+ {
[%clk 00:01:43]  [%emt 00:00:11]} 38... Kf8 {[%clk 00:01:04]  [%emt 00:00:17]}
39. Rd7 {[%clk 00:00:43]  [%emt 00:00:52]} 39... Rb1 {
[%clk 00:00:40]  [%emt 00:00:21]} 40. Rd2 {[%clk 00:00:23]  [%emt 00:00:35]}
40... h1=Q {[%clk 00:00:37]} 41. Bxh1 {[%clk 00:00:24]} 41... Rxh1 {
[%clk 00:00:39]} 42. Ke4 {[%clk 00:00:24]} 42... Ra1 {[%clk 00:00:39]} 43. Kf5
{[%clk 00:00:26]  [%emt 00:00:12]} 43... Rb1 {[%clk 00:00:36]} 44. Kf6 {
[%clk 00:00:27]} 44... Rb8 {[%clk 00:00:27]  [%emt 00:00:20]} 45. e6 {
[%clk 00:00:29]} 45... Ra8 {[%clk 00:00:23]  [%emt 00:00:04]} 46. e7+ {
[%clk 00:00:31]} 46... Ke8 {[%clk 00:00:22]  [%emt 00:00:03]} 47. Rd8+ {
[%clk 00:00:33]} 1-0